[Event "Championship"]
[Site "Seattle"]
[Date "2022.02.13"]
[Round "4"]
[White "Velea, Anne-Marie"]
[Black "Readey, John"]
[Result "1/2-1/2"]
[WhiteElo "2187"]
[BlackElo "2289"]
[PlyCount "83"]
[EventDate "2022.??.??"]

1. e4 d6 2. d4 Nf6 3. Nc3 g6 4. f4 Bg7 5. Nf3 c5 6. Be3 cxd4 7. Nxd4 Nc6 8. Qd2
O-O 9. h3 Nxd4 10. Bxd4 e5 11. Be3 exf4 12. Bxf4 Re8 13. O-O-O Nxe4 14. Nxe4
Rxe4 15. Qxd6 Qxd6 16. Bxd6 Be6 17. Bd3 Rd4 18. Bc5 Rd5 19. Be3 Rad8 20. Be2
Rxd1+ 21. Rxd1 Rxd1+ 22. Bxd1 Bd5 23. Bf3 Bxf3 24. gxf3 a6 25. c3 f5 26. Kd2
Kf7 27. Kd3 Ke6 28. Kc4 Kd6 29. a4 Kc6 30. a5 Bf6 31. b4 g5 32. Kb3 h5 33. c4
Bd8 34. Ka4 g4 35. fxg4 hxg4 36. hxg4 fxg4 37. b5+ axb5+ 38. cxb5+ Kd5 39. a6
bxa6 40. bxa6 Kc6 41. a7 Kb7 42. Kb3 1/2-1/2

[Event "Championship"]
[Site "Seattle"]
[Date "2022.02.13"]
[Round "4"]
[White "Lee, Megan"]
[Black "Jiang, Brandon"]
[Result "1-0"]
[WhiteElo "2321"]
[BlackElo "2154"]
[PlyCount "179"]
[EventDate "2022.??.??"]

1. e4 e5 2. Nf3 Nc6 3. Bb5 f5 4. d3 fxe4 5. dxe4 Nf6 6. Nc3 Bb4 7. O-O Bxc3 8.
bxc3 d6 9. Qd3 O-O 10. Qc4+ Kh8 11. Bxc6 bxc6 12. Qxc6 Rb8 13. Qc4 Qe7 14. Be3
Be6 15. Qd3 Ng4 16. Rfb1 h6 17. Rxb8 Rxb8 18. Bxa7 Ra8 19. Be3 Qd7 20. Bc1 Qc6
21. Nh4 Nf6 22. f3 Rxa2 23. Rxa2 Bxa2 24. Nf5 Qb6+ 25. Ne3 Be6 26. Kf1 Qb1 27.
Qd1 d5 28. exd5 Nxd5 29. Nxd5 Bxd5 30. Qxd5 Qxc1+ 31. Ke2 Qxc2+ 32. Qd2 Qb3 33.
Qd8+ Kh7 34. Qd3+ Kh8 35. Qd8+ Kh7 36. Qxc7 Qc2+ 37. Ke3 Qc1+ 38. Ke4 Qc2+ 39.
Kxe5 Qxg2 40. Qc4 Qxh2+ 41. Ke6 Qb8 42. Qe4+ Kh8 43. c4 Qe8+ 44. Kd6 Qd8+ 45.
Kc5 Qa5+ 46. Kd4 Qd2+ 47. Ke5 Qa5+ 48. Qd5 Qc7+ 49. Kd4 Qf4+ 50. Kc5 Qf8+ 51.
Kb6 Qb8+ 52. Qb7 Qd8+ 53. Kb5 Qe8+ 54. Ka5 Qe1+ 55. Qb4 Qa1+ 56. Kb5 Qe5+ 57.
c5 Qb8+ 58. Ka4 Qa8+ 59. Qa5 Qxf3 60. Qd8+ Kh7 61. Qd6 Qa8+ 62. Kb4 Qb7+ 63.
Kc3 Qh1 64. c6 Qc1+ 65. Kd4 Qa1+ 66. Ke4 Qh1+ 67. Ke5 Qe1+ 68. Kd5 Qh1+ 69. Ke6
Qe4+ 70. Kd7 Qf5+ 71. Qe6 Qd3+ 72. Ke7 Qc2 73. Kd8 Qd3+ 74. Qd7 Qa3 75. Qf5+
Kh8 76. c7 Qd6+ 77. Qd7 Qf6+ 78. Qe7 Qd4+ 79. Ke8 Qa4+ 80. Kf7 Qc4+ 81. Ke8
Qa4+ 82. Kd8 Qd4+ 83. Kc8 Kh7 84. Qd7 Qc4 85. Qf5+ g6 86. Qd7+ Kg8 87. Qe8+ Kg7
88. Qe7+ Kg8 89. Qe8+ Kg7 90. Kd8 1-0

[Event "Championship"]
[Site "Seattle"]
[Date "2022.02.13"]
[Round "4"]
[White "Liu, Austin"]
[Black "Levine, Joseph"]
[Result "1/2-1/2"]
[WhiteElo "2004"]
[BlackElo "2251"]
[PlyCount "79"]
[EventDate "2022.??.??"]

1. e4 e6 2. d4 d5 3. Nc3 Nf6 4. Bg5 Be7 5. e5 Nfd7 6. h4 a6 7. Qg4 Bxg5 8. hxg5
c5 9. dxc5 Nxe5 10. Qg3 Nbc6 11. O-O-O Qa5 12. f4 Nd7 13. f5 Nxc5 14. g6 fxg6
15. Rxh7 Rxh7 16. Qxg6+ Kf8 17. Qxh7 exf5 18. Rxd5 Be6 19. Bc4 Ne7 20. Qh8+ Kf7
21. Rxf5+ Nxf5 22. Bxe6+ Nxe6 23. Qxa8 Nd6 24. Nf3 Ng5 25. a3 Nxf3 26. gxf3 Qb6
27. Qb8 g5 28. b3 Qe3+ 29. Kb2 Qe5 30. Qc7+ Kg6 31. Ka2 Qe6 32. Qb6 Kf5 33. Qd4
Qe5 34. Qd3+ Kf6 35. Nd5+ Ke6 36. Nc3 Qf5 37. Qe3+ Qe5 38. Qd3 Qf5 39. Qe3+ Qe5
40. Qd3 1/2-1/2

[Event "Championship"]
[Site "Seattle"]
[Date "2022.02.13"]
[Round "4"]
[White "Pupols, Viktors"]
[Black "Moroney, Timothy"]
[Result "0-1"]
[WhiteElo "2200"]
[BlackElo "2234"]
[PlyCount "66"]
[EventDate "2022.??.??"]

1. c4 c5 2. Nc3 Nc6 3. g3 g6 4. Bg2 Bg7 5. d3 e6 6. Bf4 e5 7. Bd2 Nge7 8. Nf3
O-O 9. O-O d6 10. Ne1 Be6 11. Nc2 d5 12. cxd5 Nxd5 13. Ne3 Nde7 14. Ne4 b6 15.
Re1 h6 16. Nc3 Qd7 17. b3 Rad8 18. Rb1 f5 19. Nf1 f4 20. Ne4 Nd4 21. Bc3 Bh3
22. Bxd4 exd4 23. Nfd2 Nd5 24. Qc2 fxg3 25. hxg3 Bxg2 26. Kxg2 Rxf2+ 27. Kxf2
Ne3 28. Nxc5 Qf5+ 29. Nf3 Nxc2 30. Rec1 Qxc5 31. Rb2 Rc8 32. Ne1 Qf5+ 33. Nf3
Ne3 0-1

[Event "Premier"]
[Site "Seattle"]
[Date "2022.02.13"]
[Round "4"]
[White "Frantz, Joseph"]
[Black "Ackerman, Ryan"]
[Result "1-0"]
[WhiteElo "2009"]
[BlackElo "1918"]
[PlyCount "113"]
[EventDate "2022.??.??"]

1. d4 d5 2. c4 c6 3. Nc3 Nf6 4. cxd5 cxd5 5. Bf4 Nc6 6. e3 Bg4 7. f3 Bf5 8. Bd3
e6 9. Nge2 Bxd3 10. Qxd3 Qb6 11. O-O a6 12. Rfc1 Rd8 13. Na4 Qa7 14. Bc7 Rc8
15. Bb6 Qb8 16. Nc5 Bxc5 17. Bxc5 b6 18. Ba3 b5 19. b3 Qb7 20. Rc2 b4 21. Bb2
O-O 22. Rac1 Na7 23. Qd2 Rxc2 24. Rxc2 Rc8 25. Rxc8+ Nxc8 26. Qc2 Ne7 27. Qc5
Nf5 28. Bc1 Nd7 29. Qc2 Nd6 30. Bd2 f5 31. Nf4 Kf7 32. Nd3 a5 33. Be1 g5 34. g4
Qc8 35. Nc5 Nxc5 36. dxc5 Kg6 37. Bg3 Nb5 38. c6 Nc3 39. c7 h5 40. Be5 hxg4 41.
fxg4 Qd7 42. h4 Qc8 43. hxg5 Kxg5 44. gxf5 d4 45. exd4 exf5 46. Qg2+ Kh5 47.
Qf3+ Kg6 48. Qc6+ Kf7 49. Qf6+ Ke8 50. Qg6+ Kd7 51. Qxf5+ Kc6 52. Qxc8 a4 53.
Qe6+ Kb5 54. Qc4+ Ka5 55. Qc5+ Nb5 56. c8=R axb3 57. Ra8# 1-0

[Event "Premier"]
[Site "Seattle"]
[Date "2022.02.13"]
[Round "4"]
[White "Kuhner, Mary"]
[Black "Kona, Vidip"]
[Result "0-1"]
[WhiteElo "1897"]
[BlackElo "1929"]
[PlyCount "34"]
[EventDate "2022.??.??"]

1. e4 c6 2. d4 d5 3. f3 dxe4 4. fxe4 e5 5. Nf3 Bg4 6. Bc4 Nd7 7. O-O Ngf6 8. c3
Be7 9. Qb3 O-O 10. Nxe5 Nxe5 11. dxe5 Bc5+ 12. Kh1 Nxe4 13. Bf4 Nf2+ 14. Kg1 b5
15. Bxb5 cxb5 16. Qxb5 Nd3+ 17. Kh1 Be2 0-1

[Event "Championship"]
[Site "Seattle"]
[Date "2022.02.19"]
[Round "5"]
[White "Readey, John"]
[Black "Pupols, Viktors"]
[Result "1-0"]
[WhiteElo "2289"]
[BlackElo "2200"]
[PlyCount "125"]
[EventDate "2022.??.??"]

1. Nf3 d5 2. g3 c5 3. Bg2 Nc6 4. d4 cxd4 5. Nxd4 Nf6 6. c4 Nxd4 7. Qxd4 e6 8.
Nc3 dxc4 9. Qxc4 a6 10. O-O Bd6 11. Rd1 Qc7 12. Qd3 Be7 13. Bg5 O-O 14. Rac1
Qa5 15. Bd2 Qh5 16. Qf3 Qxf3 17. Bxf3 e5 18. Be3 a5 19. Nd5 Nxd5 20. Bxd5 Bd8
21. b3 h6 22. Bc5 Re8 23. Bd6 Be7 24. Rc7 Bxd6 25. Bxf7+ Kf8 26. Rxd6 Re7 27.
Rd8+ Kxf7 28. Rdxc8 Rxc8 29. Rxc8 Rd7 30. Rc5 Ke6 31. Rxa5 Rd2 32. Kf1 Kd6 33.
a4 Rc2 34. Rb5 Rc7 35. f3 Re7 36. Kf2 Ke6 37. Ke3 Rd7 38. g4 Rf7 39. h4 Kd6 40.
b4 Rc7 41. a5 Ke6 42. Kf2 Kd6 43. Kg3 Rf7 44. e4 Rc7 45. Rb6+ Ke7 46. h5 Kd8
47. g5 hxg5 48. Rg6 Re7 49. Rxg5 Kd7 50. Rg6 Kc7 51. Kg4 Kd7 52. Kf5 Kc7 53.
Re6 Rf7+ 54. Kxe5 Rxf3 55. Re7+ Kc6 56. Rxg7 Rh3 57. Rh7 Rb3 58. Rh6+ Kc7 59.
Rb6 Rh3 60. h6 Rh5+ 61. Kf4 Rh1 62. Rg6 Kb8 63. Ke5 1-0

[Event "Championship"]
[Site "Seattle"]
[Date "2022.02.19"]
[Round "5"]
[White "Jiang, Brandon"]
[Black "Shubin, Daniel"]
[Result "1/2-1/2"]
[WhiteElo "2154"]
[BlackElo "2227"]
[PlyCount "65"]
[EventDate "2022.??.??"]
[TimeControl "40/120:0"]

1. e4 e6 2. d3 d5 3. Nd2 Nf6 4. g3 Bc5 5. Bg2 Nc6 6. Ngf3 dxe4 7. dxe4 O-O 8.
O-O e5 9. h3 h6 10. c3 Be6 11. Qe2 Qd7 12. Kh2 Ne8 13. Nc4 f6 14. Ne3 Nd6 15.
Rd1 Qf7 16. Nh4 Rad8 17. Nef5 Bc4 18. Qg4 Kh7 19. b3 Be6 20. Qe2 Ne7 21. Nxe7
Qxe7 22. Be3 Bxe3 23. Qxe3 b6 24. f4 Bf7 25. Rg1 exf4 26. gxf4 g5 27. Nf3 Bg6
28. Nd4 Rde8 29. Rae1 c5 30. Nc6 Qc7 31. e5 Nf5 32. Qd2 Re6 33. Rd1 {draw was
agreed in mutual time trouble.} 1/2-1/2

[Event "Premier"]
[Site "Seattle"]
[Date "2022.02.19"]
[Round "5"]
[White "Bian, Erin"]
[Black "Kuhner, Mary"]
[Result "1-0"]
[WhiteElo "1919"]
[BlackElo "1897"]
[PlyCount "75"]
[EventDate "2022.??.??"]

1. e4 e6 2. d4 d5 3. Nc3 Bb4 4. e5 c5 5. a3 Bxc3+ 6. bxc3 Ne7 7. h4 Qa5 8. Bd2
Qa4 9. h5 h6 10. Nf3 Nbc6 11. Qb1 a6 12. Qb2 Rb8 13. Rh4 c4 14. g4 Qa5 15. Rh1
Bd7 16. Nh4 Qc7 17. f4 Nd8 18. Be2 Ba4 19. f5 Nec6 20. Kf2 Kd7 21. Kg2 Kc8 22.
Raf1 b5 23. f6 gxf6 24. Rxf6 Ne7 25. Rxh6 Rg8 26. Rf6 Rh8 27. g5 Ng8 28. Rf2
Rb7 29. Re1 Qe7 30. Kg3 Qf8 31. h6 Qe8 32. Bh5 Qf8 33. Be3 a5 34. Qa2 Ra7 35.
Qb2 Rb7 36. Qc1 b4 37. axb4 axb4 38. Ng6 1-0

[Event "Championship"]
[Site "Seattle"]
[Date "2022.02.19"]
[Round "5"]
[White "Levine, Joseph"]
[Black "Lee, Megan"]
[Result "0-1"]
[WhiteElo "2251"]
[BlackElo "2321"]
[PlyCount "141"]
[EventDate "2022.??.??"]

1. e4 e5 2. Nf3 Nc6 3. Bc4 Nf6 4. d3 Bc5 5. c3 a6 6. Nbd2 Ba7 7. O-O O-O 8. h3
h6 9. Re1 Re8 10. a4 d6 11. Nf1 Be6 12. Ng3 d5 13. exd5 Bxd5 14. Bxd5 Qxd5 15.
Be3 Bxe3 16. Rxe3 Re6 17. Qe2 Rae8 18. Nd2 Qd7 19. Nde4 Nxe4 20. Nxe4 Rg6 21.
f4 Re7 22. fxe5 Rxe5 23. d4 Re7 24. Re1 Rge6 25. Qf3 b6 26. b4 Kh8 27. Ng3 Rxe3
28. Rxe3 Rxe3 29. Qxe3 Ne7 30. Qe2 Qd6 31. Qd3 Nd5 32. a5 bxa5 33. bxa5 Nf4 34.
Qf3 g5 35. Ne2 Nxe2+ 36. Qxe2 Kg7 37. Qd3 Qe6 38. Kh2 Qd6+ 39. Kg1 Qe6 40. Kh2
Qd6+ 41. Kh1 Qe6 42. d5 Qe1+ 43. Kh2 Qe5+ 44. g3 f5 45. Qxa6 Qxd5 46. Kg1 Qc5+
47. Kg2 Qxc3 48. Qb5 Qd2+ 49. Kf3 Qd1+ 50. Ke3 Qe1+ 51. Kd4 Qg1+ 52. Kd5 Qxg3
53. Qd7+ Kf8 54. Qxf5+ Ke7 55. Kc6 Qc3+ 56. Kb7 Kd6 57. Qf8+ Kd5 58. Qd8+ Ke4
59. Qe7+ Kf3 60. Qxc7 Qb4+ 61. Kc6 Kg2 62. a6 Qa4+ 63. Kb7 Qb5+ 64. Qb6 Qd7+
65. Kb8 Qe8+ 66. Kc7 Qe7+ 67. Kc6 Qe6+ 68. Kc5 Qe3+ 69. Kb5 Qb3+ 70. Kc6 Qe6+
71. Kb7 {and Black eventually managed to capture the h-pawn, get the g-pawn to
the sixth rank, and exchange Queens and win.} 0-1

[Event "Championship"]
[Site "Seattle"]
[Date "2022.02.19"]
[Round "5"]
[White "Moroney, Timothy"]
[Black "Liu, Austin"]
[Result "1-0"]
[WhiteElo "2234"]
[BlackElo "2004"]
[PlyCount "111"]
[EventDate "2022.??.??"]

1. e4 c5 2. Nf3 d6 3. Bb5+ Bd7 4. Bxd7+ Qxd7 5. c4 Nf6 6. Nc3 Nc6 7. d4 cxd4 8.
Nxd4 g6 9. b3 Bg7 10. Bb2 O-O 11. O-O a6 12. Qd2 Rab8 13. Rfe1 Nxd4 14. Qxd4
Ng4 15. Qd2 b5 16. cxb5 axb5 17. Nd5 Bxb2 18. Qxb2 e6 19. Ne3 Nxe3 20. Rxe3 Qe7
21. Rc1 Rfc8 22. Rec3 Rxc3 23. Rxc3 Qb7 24. Qc2 Rd8 25. h4 b4 26. Rc7 Qb6 27.
h5 Qd4 28. h6 Qa1+ 29. Qc1 Qxc1+ 30. Rxc1 d5 31. exd5 exd5 32. Kf1 Kf8 33. Rc7
d4 34. Ke2 d3+ 35. Kd2 Ra8 36. Kxd3 Rxa2 37. Rc2 Ra6 38. f4 Rd6+ 39. Ke3 Ke7
40. Rc4 Rb6 41. Kd4 Rd6+ 42. Kc5 Rd3 43. Rxb4 Rc3+ 44. Kd5 Rg3 45. Re4+ Kf6 46.
b4 Rxg2 47. b5 Rb2 48. Kc5 g5 49. fxg5+ Kxg5 50. Rb4 Rc2+ 51. Kd6 Kxh6 52. b6
Rc8 53. b7 Rb8 54. Kc7 Rxb7+ 55. Rxb7 f5 56. Kd6 1-0

[Event "Premier"]
[Site "Seattle"]
[Date "2022.02.19"]
[Round "5"]
[White "Ackerman, Ryan"]
[Black "Anand, Vignesh"]
[Result "1/2-1/2"]
[WhiteElo "1918"]
[BlackElo "2080"]
[PlyCount "100"]
[EventDate "2022.??.??"]

1. d4 d5 2. c4 e6 3. Nc3 Nf6 4. cxd5 exd5 5. Bg5 Be7 6. e3 c6 7. Bd3 Qb6 8. Qc2
Be6 9. Nge2 h6 10. Bh4 Nbd7 11. Nf4 Bg4 12. Bxf6 Nxf6 13. f3 Bd7 14. O-O-O Bd6
15. g3 Rc8 16. Kb1 O-O 17. Bf5 Qc7 18. Bxd7 Nxd7 19. Qf5 Rfe8 20. e4 Bxf4 21.
gxf4 g6 22. Qg4 Nf6 23. Qh4 Qe7 24. Qxh6 dxe4 25. Rde1 Qd7 26. fxe4 Qxd4 27.
Rd1 Qe3 28. Rhe1 Qf3 29. e5 Qh5 30. Qxh5 Nxh5 31. Rd7 Nxf4 32. Rf1 g5 33. h4
Rcd8 34. Rxb7 Rxe5 35. hxg5 Rd4 36. Rxa7 Rxg5 37. a4 Rg2 38. a5 Rb4 39. Nd1 Nd3
40. Raxf7 Nxb2 41. Rf8+ Kh7 42. R8f7+ Kg8 43. Rf8+ Kh7 44. R1f7+ Kg6 45. Rf6+
Kg7 46. Nxb2 Rbxb2+ 47. Kc1 Ra2 48. R8f7+ Kg8 49. Rf8+ Kh7 50. R8f7+ Kg8
1/2-1/2

[Event "Premier"]
[Site "Seattle"]
[Date "2022.02.19"]
[Round "5"]
[White "Kona, Vidip"]
[Black "Lu, Yiding"]
[Result "0-1"]
[WhiteElo "1929"]
[BlackElo "1945"]
[PlyCount "120"]
[EventDate "2022.??.??"]

1. Nf3 Nf6 2. c4 e6 3. d4 b6 4. g3 Bb7 5. Bg2 Be7 6. O-O O-O 7. Nc3 Ne4 8. Qc2
Nxc3 9. Qxc3 d6 10. Rd1 Nd7 11. Qc2 f5 12. h4 Be4 13. Qc3 Qe8 14. Ng5 Bxg2 15.
Nxe6 Be4 16. Nxc7 Qg6 17. Nxa8 Rxa8 18. Kf1 Bf6 19. Bf4 Re8 20. f3 Bb7 21. Kf2
Nf8 22. Qb4 Ne6 23. e3 Nxf4 24. exf4 Bxf3 25. Re1 Be4 26. Qxd6 Qg4 27. Re3 Qh3
28. Qd7 Qg2+ 29. Ke1 Rd8 30. Qe6+ Kh8 31. Rd1 h6 32. d5 Bf3 33. Rxf3 Qxf3 34.
Rd2 Qxg3+ 35. Kd1 Qg4+ 36. Kc2 Qxf4 37. b3 Bxh4 38. Re2 Bg5 39. Kc3 Bf6+ 40.
Kc2 Qf3 41. Re3 Qf2+ 42. Re2 Qd4 43. Qxf5 Qc3+ 44. Kd1 Bg5 45. Rc2 Qd4+ 46. Ke2
Re8+ 47. Kf3 Qd1+ 48. Kg2 Re2+ 49. Rxe2 Qxe2+ 50. Kg3 Qe3+ 51. Kg2 Qf4 52. Qd7
Bh4 53. Qe8+ Kh7 54. Qe2 Qg3+ 55. Kf1 Qf4+ 56. Kg2 Qg5+ 57. Kf1 Qf6+ 58. Kg2
Qg6+ 59. Kf1 Bf6 60. Qd2 Qb1+ 0-1

[Event "Championship"]
[Site "Seattle"]
[Date "2022.02.19"]
[Round "6"]
[White "Shubin, Daniel"]
[Black "Levine, Joseph"]
[Result "1/2-1/2"]
[WhiteElo "2214"]
[BlackElo "2251"]
[PlyCount "29"]
[EventDate "2022.??.??"]

1. e4 e6 2. d4 d5 3. Nc3 Nf6 4. exd5 exd5 5. Bg5 Be7 6. Bd3 Nc6 7. Nge2 Nb4 8.
Bb5+ c6 9. a3 Nxc2+ 10. Qxc2 cxb5 11. O-O O-O 12. Qd3 Bd7 13. Bxf6 Bxf6 14.
Nxd5 a6 15. Nxf6+ 1/2-1/2

[Event "Championship"]
[Site "Seattle"]
[Date "2022.02.19"]
[Round "6"]
[White "Readey, John"]
[Black "Mahajan, Rushaan"]
[Result "1/2-1/2"]
[WhiteElo "2289"]
[BlackElo "2253"]
[PlyCount "116"]
[EventDate "2022.??.??"]

1. Nf3 d5 2. g3 Nd7 3. d4 Nb6 4. a4 a5 5. Bg2 Bf5 6. O-O e6 7. b3 Nf6 8. Nh4
Bg4 9. h3 Bh5 10. g4 Nfd7 11. Nf3 Bg6 12. Bf4 Be7 13. Nc3 O-O 14. Ne5 Nxe5 15.
Bxe5 f6 16. Bg3 Bb4 17. Na2 Bd6 18. Bxd6 Qxd6 19. Nc3 c5 20. Nb5 Qe7 21. Re1
Rfd8 22. e3 Nc8 23. dxc5 Qxc5 24. c4 Nb6 25. cxd5 Nxd5 26. Rc1 Qe7 27. Qe2 Rac8
28. Red1 Nb4 29. Rxc8 Rxc8 30. Nd6 Rc7 31. Nb5 Rd7 32. Rxd7 Qxd7 33. Qf3 Nc6
34. Nd4 Nxd4 35. exd4 Qxd4 36. Qxb7 Qa1+ 37. Kh2 Qe5+ 38. Kg1 h5 39. Bf3 h4 40.
Kg2 Qc3 41. Qb6 Qe1 42. g5 Qe5 43. gxf6 gxf6 44. Qb7 Qg5+ 45. Kh2 Qf4+ 46. Kg2
Bf5 47. Qa8+ Kg7 48. Qb7+ Kh6 49. Qa8 e5 50. Bd5 Bg6 51. Qxa5 e4 52. Qa8 Qf3+
53. Kg1 Qxh3 54. Bxe4 Qg4+ 55. Bg2 Qd1+ 56. Kh2 Qd6+ 57. Kg1 Qd1+ 58. Kh2 Qd6+
1/2-1/2

[Event "Championship"]
[Site "Seattle"]
[Date "2022.02.19"]
[Round "6"]
[White "Lee, Megan"]
[Black "Moroney, Timothy"]
[Result "1-0"]
[WhiteElo "2321"]
[BlackElo "2234"]
[PlyCount "65"]
[EventDate "2022.??.??"]

1. e4 c5 2. Nf3 d6 3. d4 cxd4 4. Nxd4 Nf6 5. Nc3 a6 6. Be2 e5 7. Nb3 Be7 8. O-O
O-O 9. Be3 Be6 10. Bf3 Nbd7 11. a4 Nb6 12. Bxb6 Qxb6 13. Nd5 Nxd5 14. exd5 Bf5
15. Be2 Rac8 16. c3 Bg6 17. a5 Qc7 18. Ra4 f5 19. Rb4 Bd8 20. Kh1 Qe7 21. Re1
Be8 22. f4 e4 23. Bf1 Rf6 24. g4 Rh6 25. Qd2 Qh4 26. g5 Rh5 27. Nd4 g6 28. Rxb7
Bxa5 29. Re2 h6 30. Ne6 hxg5 31. Qd4 Rh7 32. Rg7+ Kh8 33. Rxg6+ 1-0

[Event "Championship"]
[Site "Seattle"]
[Date "2022.02.19"]
[Round "6"]
[White "Pupols, Viktors"]
[Black "Liu, Austin"]
[Result "1-0"]
[WhiteElo "2200"]
[BlackElo "2004"]
[PlyCount "102"]
[EventDate "2022.??.??"]

1. d4 Nf6 2. c4 g6 3. Nc3 Bg7 4. e4 d6 5. Nf3 O-O 6. Be2 e5 7. O-O Nc6 8. d5
Ne7 9. Ne1 Nd7 10. f3 f5 11. g4 f4 12. h4 Kh8 13. Rf2 Ng8 14. Rh2 Bf6 15. Ng2
h5 16. g5 Bxg5 17. hxg5 Qxg5 18. Qe1 Ndf6 19. Nd1 Qh6 20. Qc3 b6 21. Nf2 g5 22.
Kf1 Kg7 23. Ke1 Qg6 24. Kd1 Kf7 25. Rh1 Ke7 26. Bd2 g4 27. Nh4 Qg5 28. Nd3 gxf3
29. Bxf3 Bg4 30. Kc2 Bxf3 31. Nxf3 Qg2 32. Nfxe5 Nxe4 33. Nc6+ Kd7 34. Rh2 Qg3
35. Qd4 Rae8 36. Rxh5 Nxd2 37. Kxd2 Nf6 38. Rhh1 Ne4+ 39. Kc2 Qg2+ 40. Kb3 Nc5+
41. Nxc5+ bxc5 42. Rh7+ Kc8 43. Qg7 Re3+ 44. Ka4 Qxg7 45. Rxg7 f3 46. Rh1 Kb7
47. Rhh7 Rc8 48. Rf7 Kb6 49. Rh3 Re2 50. Rfxf3 Kb7 51. Rb3+ Ka8 1-0

[Event "Premier"]
[Site "Seattle"]
[Date "2022.02.19"]
[Round "6"]
[White "Vemparala, Nikash"]
[Black "Kona, Vidip"]
[Result "1/2-1/2"]
[WhiteElo "1998"]
[BlackElo "1929"]
[PlyCount "41"]
[EventDate "2022.??.??"]

1. e4 c6 2. d4 d5 3. exd5 cxd5 4. Nf3 Nc6 5. c3 Nf6 6. Bd3 Bg4 7. O-O g6 8. Re1
Bg7 9. h3 Bf5 10. Bxf5 gxf5 11. Nh4 Qd7 12. Qf3 O-O-O 13. Nxf5 Rhg8 14. b4 Ne4
15. Nd2 Ng5 16. Qd3 e5 17. b5 e4 18. bxc6 Qxf5 19. Qb5 Nxh3+ 20. Kh1 Nxf2+ 21.
Kg1 1/2-1/2

[Event "Premier"]
[Site "Seattle"]
[Date "2022.02.19"]
[Round "6"]
[White "Lu, Yiding"]
[Black "Bian, Erin"]
[Result "1-0"]
[WhiteElo "1945"]
[BlackElo "1919"]
[PlyCount "113"]
[EventDate "2022.??.??"]

1. e4 e5 2. Nf3 Nc6 3. Bc4 Bc5 4. O-O Nf6 5. d3 O-O 6. h3 d6 7. c3 Ne7 8. d4
Bb6 9. Bd3 Ng6 10. Nbd2 c6 11. Re1 Bc7 12. Nf1 Nh5 13. Bg5 f6 14. Be3 Nhf4 15.
Bc2 Be6 16. Ng3 Qd7 17. Nf5 d5 18. dxe5 dxe4 19. Qxd7 Bxd7 20. Bxe4 Nxe5 21.
Nxe5 Bxe5 22. Rad1 Bxf5 23. Bxf5 Rfe8 24. Rd7 b6 25. a4 Nd5 26. Bd2 a5 27. g3
Rad8 28. f4 Bb8 29. Kf2 Nc7 30. Be3 c5 31. Red1 Rxd7 32. Rxd7 g6 33. Bd3 f5 34.
Bc4+ Kh8 35. Bd2 Na8 36. Bf7 Rf8 37. c4 h5 38. Bc3+ Kh7 39. Bd5+ Kh6 40. Bg7+
Kh7 41. Bxf8+ Kh8 42. Be7 Kg7 43. Bxa8 Kf7 44. Bg5+ Ke6 45. Rb7 Bd6 46. Rxb6
Kd7 47. Bd5 h4 48. Bxh4 g5 49. fxg5 f4 50. Rxd6+ Kxd6 51. g4 f3 52. g6 Ke5 53.
g7 Kd4 54. g8=Q Kd3 55. Qg6+ Kd2 56. Bg5+ Kd1 57. Qb1# 1-0

[Event "Premier"]
[Site "Seattle"]
[Date "2022.02.19"]
[Round "6"]
[White "Anand, Vignesh"]
[Black "Kuhner, Mary"]
[Result "0-1"]
[WhiteElo "2080"]
[BlackElo "1897"]
[PlyCount "84"]
[EventDate "2022.??.??"]

1. c4 e6 2. Nc3 c6 3. d4 d5 4. e3 f5 5. Bd3 Nf6 6. b3 Bd6 7. f4 Ne4 8. Bxe4
fxe4 9. a4 Qe7 10. c5 Bc7 11. Ba3 O-O 12. b4 Nd7 13. b5 Ba5 14. Nge2 Nf6 15. h3
Bd7 16. Qb3 Qe8 17. O-O Qh5 18. Bb4 Bxb4 19. Qxb4 Qf7 20. Rab1 Rad8 21. a5 Qe8
22. g4 Qg6 23. Kh2 e5 24. dxe5 Nxg4+ 25. hxg4 Qxg4 26. f5 Bxf5 27. Rf4 Qh3+ 28.
Kg1 Qxe3+ 29. Rf2 Bh3 30. Qd4 Qg5+ 31. Kh1 Bg4 32. Ng1 Rxf2 33. Qxf2 Rf8 34.
Qg3 Qh5+ 35. Kg2 Bf3+ 36. Kf2 Qh6 37. Ke1 d4 38. Nce2 d3 39. bxc6 Qe3 40. Rxb7
d2+ 41. Kd1 Bxe2+ 42. Nxe2 Rf1+ 0-1

[Event "Championship"]
[Site "Seattle"]
[Date "2022.02.19"]
[Round "6"]
[White "Velea, Anne-Marie"]
[Black "Jiang, Brandon"]
[Result "1-0"]
[WhiteElo "2187"]
[BlackElo "2154"]
[PlyCount "67"]
[EventDate "2022.??.??"]
[TimeControl "40/120:0"]

1. e4 c5 2. Nf3 Nc6 3. Bb5 g6 4. Bxc6 bxc6 5. d4 Bg7 6. dxc5 Qa5+ 7. Nbd2 Qxc5
8. a3 Ba6 9. Rb1 $6 d5 $1 10. b4 Qd6 11. Bb2 Bxb2 12. Rxb2 dxe4 $6 13. Nxe4 Qe6
14. Qd4 Rd8 15. Qe5 Qg4 16. Ned2 Nf6 17. h3 Qd7 18. Rb1 O-O 19. c4 Qd3 20. Rb3
Qc2 21. Qc3 Qf5 22. O-O Rd6 $2 23. Re1 Qd7 24. Ne5 Qd8 25. Ndf3 Nd7 $2 26. c5
Re6 27. Rd1 Nxe5 28. Rxd8 Nxf3+ 29. Qxf3 Rxd8 30. Re3 Rf6 31. Qg3 Rd1+ 32. Kh2
Rd2 33. Rf3 Re6 34. Qf4 1-0

[Event "Championship"]
[Site "Seattle"]
[Date "2022.02.20"]
[Round "7"]
[White "Levine, Joseph"]
[Black "Velea, Anne-Marie"]
[Result "0-1"]
[WhiteElo "2251"]
[BlackElo "2187"]
[PlyCount "68"]
[EventDate "2022.??.??"]

1. e4 c5 2. Nf3 Nc6 3. d4 cxd4 4. Nxd4 g6 5. Nc3 Bg7 6. Be3 Nf6 7. Bc4 Qa5 8.
O-O O-O 9. Bb3 d6 10. h3 Bd7 11. f4 Rac8 12. Nde2 Qc7 13. f5 Na5 14. Bd4 Bc6
15. Qd3 b5 16. Ng3 b4 17. Nce2 Qb7 18. Rf4 Bb5 19. Qd2 Bxe2 20. fxg6 Nxb3 21.
axb3 e5 22. gxh7+ Kh8 23. Rxa7 Qc6 24. Rxf6 Bxf6 25. Bf2 Bb5 26. Nh5 Qxe4 27.
Nxf6 Qf5 28. Ng4 Qg6 29. Qxb4 Bc6 30. Bh4 f5 31. Ne3 f4 32. Ng4 f3 33. Be7 f2+
34. Kf1 Bxg2+ 0-1

[Event "Premier"]
[Site "Seattle"]
[Date "2022.02.20"]
[Round "7"]
[White "Kuhner, Mary"]
[Black "Lu, Yiding"]
[Result "0-1"]
[WhiteElo "1897"]
[BlackElo "1945"]
[PlyCount "140"]
[EventDate "2022.??.??"]

1. e4 d6 2. d4 Nf6 3. Bd3 e5 4. c3 Be7 5. h3 c6 6. Nf3 Nbd7 7. Nbd2 Qc7 8. Qc2
Nf8 9. Nf1 Ng6 10. Ng3 O-O 11. Nf5 Re8 12. O-O Nh5 13. g3 Bf8 14. Kg2 a6 15.
Bd2 b5 16. Rae1 Bb7 17. Qd1 exd4 18. cxd4 c5 19. d5 Nf6 20. Kh2 Ne5 21. Nxe5
dxe5 22. f4 Nd7 23. Qg4 g6 24. Nh4 Bg7 25. f5 Nf6 26. Qd1 Qe7 27. Rf2 Nd7 28.
Qc1 c4 29. Bc2 a5 30. Ref1 Nf6 31. Bg5 Rf8 32. Qe3 Ra6 33. Rf3 Bc8 34. Rg1 Qa7
35. Qxa7 Rxa7 36. Be3 Ra6 37. g4 Nd7 38. g5 Rd8 39. Rgf1 Bf8 40. Bd2 Bc5 41.
Ng2 Nb6 42. fxg6 fxg6 43. Rf6 Be7 44. Rxb6 Rxb6 45. Bxa5 Ra6 46. Bxd8 Bxd8 47.
a3 Bxg5 48. Rf3 Bc1 49. a4 bxa4 50. Rc3 Bxb2 51. Rxc4 Bd7 52. Bb1 Kf7 53. Kg3
Ke7 54. Rc7 a3 55. Ba2 Ra4 56. Kf3 Kd6 57. Rb7 Bxh3 58. Rxh7 Bxg2+ 59. Kxg2
Rxe4 60. Kf3 Rd4 61. Rh6 Rxd5 62. Rxg6+ Kc5 63. Bxd5 Kxd5 64. Ra6 Kc4 65. Ke4
Kb3 66. Kd3 a2 67. Rb6+ Ka3 68. Kc4 Bd4 69. Rb3+ Ka4 70. Rb8 Bc3 0-1

[Event "Championship"]
[Site "Seattle"]
[Date "2022.02.20"]
[Round "7"]
[White "Moroney, Timothy"]
[Black "Shubin, Daniel"]
[Result "1-0"]
[WhiteElo "2234"]
[BlackElo "2214"]
[PlyCount "57"]
[EventDate "2022.??.??"]

1. e4 e6 2. d4 d5 3. e5 c5 4. c3 Nc6 5. Nf3 Qb6 6. Bd3 Bd7 7. dxc5 Bxc5 8. O-O
Qc7 9. Re1 Nge7 10. b4 Bb6 11. Na3 a6 12. h4 Ng6 13. Qe2 d4 14. b5 Ncxe5 15.
Nxe5 Nxe5 16. Qxe5 Qxc3 17. Nc4 Bc7 18. Qxc7 Qxe1+ 19. Bf1 O-O 20. Qxd7 Rfd8
21. Qxb7 d3 22. Bb2 d2 23. Ne3 axb5 24. Bc3 Qc1 25. Nd1 Rab8 26. Qe4 Rd5 27.
Qf4 Rc8 28. Rxc1 e5 29. Qf5 1-0

[Event "Championship"]
[Site "Seattle"]
[Date "2022.02.20"]
[Round "7"]
[White "Mahajan, Rushaan"]
[Black "Pupols, Viktors"]
[Result "1-0"]
[WhiteElo "2253"]
[BlackElo "2200"]
[PlyCount "120"]
[EventDate "2022.??.??"]

1. Nf3 d5 2. g3 Nf6 3. Bg2 g6 4. d4 Bg7 5. c4 c6 6. b3 a5 7. Nc3 Ne4 8. Bb2
Nxc3 9. Bxc3 Nd7 10. O-O Nf6 11. Rc1 e6 12. a4 O-O 13. Bb2 Re8 14. Ba3 Bf8 15.
Bxf8 Rxf8 16. e3 Bd7 17. Ne5 Be8 18. Qd2 Nd7 19. Nd3 Qe7 20. Qc3 f6 21. Rfe1
Bf7 22. cxd5 exd5 23. e4 dxe4 24. Rxe4 Qa3 25. Rb1 Rfe8 26. h4 Rxe4 27. Bxe4
Qd6 28. Nc5 Nxc5 29. dxc5 Qe6 30. Bd3 Re8 31. Qxa5 Qg4 32. Bc4 Qe4 33. Bxf7+
Kxf7 34. Rd1 f5 35. Qc7+ Re7 36. Rd7 Rxd7 37. Qxd7+ Kg8 38. Qxb7 Qe1+ 39. Kg2
Qe4+ 40. Kh2 Qf3 41. Qb8+ Kf7 42. Qc7+ Kg8 43. Qd8+ Kf7 44. Qd7+ Kf8 45. Qd6+
Kf7 46. Qf4 Qxb3 47. Qc7+ Kg8 48. Qxc6 Kg7 49. Kg2 Qa2 50. Qd7+ Kh6 51. Qd4 Qc2
52. a5 Qa2 53. Qe3+ Kg7 54. Qe5+ Kf7 55. c6 Qc4 56. Qc7+ Kf6 57. Qd8+ Kg7 58.
c7 Qe4+ 59. Kh2 f4 60. Qd7+ Kh6 1-0